| 000 -LEADER | |
|---|---|
| fixed length control field | 00431nam a22001697a 4500 |
| 005 - DATE AND TIME OF LATEST TRANSACTION | |
| control field | 20180205145237.0 |
| 008 - FIXED-LENGTH DATA ELEMENTS--GENERAL INFORMATION | |
| fixed length control field | 160701b xxu||||| |||| 00| 0 eng d |
| 020 ## - INTERNATIONAL STANDARD BOOK NUMBER | |
| ISBN | 978-93-81269-23-7 |
| 041 ## - LANGUAGE CODE | |
| Language code of text/sound track or separate title | eng |
| 082 ## - DEWEY DECIMAL CLASSIFICATION NUMBER | |
| Item number | 20179 |
| Classification number | 004.65 |
| 100 ## - MAIN ENTRY--AUTHOR NAME | |
| Personal name | Hwang kai & others |
| 245 ## - TITLE STATEMENT | |
| Title | Distributed & cloud computing |
| 260 ## - PUBLICATION, DISTRIBUTION, ETC. (IMPRINT) | |
| Name of publisher | ELSEVIER |
| Year of publication | 2012 |
| Place of publication | AMSTERDAM |
| 300 ## - PHYSICAL DESCRIPTION | |
| Number of Pages | 622 |
| 650 ## - SUBJECT ADDED ENTRY--TOPICAL TERM | |
| Topical Term | Information Technology |
| 942 ## - ADDED ENTRY ELEMENTS (KOHA) | |
| Koha item type | Books |
| Lost status | Damaged status | Collection code | Home library | Current library | Shelving location | Date acquired | Cost, normal purchase price | Full call number | Accession Number | Koha item type |
|---|---|---|---|---|---|---|---|---|---|---|
| CS/IT | JRU Library | JRU Library | SHELF-49-I | 01/07/2016 | 550.00 | 004.65 | 20179 | Books | ||
| CS/IT | JRU Library | JRU Library | SHELF-49-I | 01/07/2016 | 550.00 | 004.65 | 20180 | Books | ||
| CS/IT | JRU Library | JRU Library | SHELF-49-I | 01/07/2016 | 550.00 | 004.65 | 20181 | Books |